| 000 | 00347nam a2200157Ia 4500 | ||
|---|---|---|---|
| 008 | 230917s9999||||xx |||||||||||||| ||und|| | ||
| 020 | _cRS3.5 | ||
| 040 |
_e129935 _aMAIN |
||
| 041 | _aEnglish | ||
| 082 | _a821.8 Y34F:W | ||
| 100 | _aFraser, G S | ||
| 245 | 0 | _aW B Yeats | |
| 260 |
_aLondon _bLongman _c1965 |
||
| 300 | _a44 p. | ||
| 942 | _cBK | ||
| 999 |
_c194349 _d194349 |
||